000 02260nam0a2200433 4500
001 RU\NLR\bibl\323197
005 20260406073414.0
010 _a5-7695-0988-0
_bВ пер.
_930000
021 _aRU
_b2002-33597
_91653
035 _a(NLR Aleph) 000318219
090 _a80501
_c80501
100 _a20021016d2002 |||y0rusy50 ca
101 0 _arus
102 _aRU
105 _ay |||||||||
200 1 _aКонтрольно-измерительные приборы и инструменты
_eУчебник
_eДля нач. проф. образования
_f[Зайцев С.А., Грибанов Д.Д., Толстой А.Н., Меркулов Р.В.]
210 _aМ.
_cАкадемия
_cПрофОбрИздат
_d2002
215 _a462, [1] с.
_cил.
_d22
225 1 _aПрофессиональное образование
_iМеталлообработка
225 1 _aФедеральный комплект учебников
300 _aАвт. указаны перед вып. дан.
320 _aБиблиогр.: с. 459-460
606 0 _aКонтрольно-измерительные приборы
_jРуководства, пособия и т.п. для технических училищ
_91125511
_3RU\NLR\auth\66126882
606 0 _aКонтрольно-измерительные приборы
_jУчебники для начального профессионального образования
_91125511
_3RU\NLR\auth\66126882
610 0 _aКонтрольно-измерительные инструменты и приборы
675 _a681.2(075.32)
_v3
_zrus
686 _a59
_2rugasnti
686 _a34.9я722
_2rubbk
686 _aК9я722-1
701 1 _4070
_8rus
_7ca
_aЗайцев
_bС. А.
_cканд. техн. наук
_f1946-
_gСергей Алексеевич
_3RU\NLR\auth\7731679
_914689
701 1 _aГрибанов
_bД. Д.
_gДмитрий Дмитриевич
_4070
701 1 _aТолстой
_bА. Н.
_gАндрей Николаевич
_4070
701 1 _aМеркулов
_bР. В.
_gРэм Всеволодович
_4070
801 0 _aRU
_bRKP
_c20021016
_gPSBO
801 1 _aRU
_bRKP
_c20021016
801 2 _aRU
_bNLR
_c20080404
_grcr
942 _cBOOK
980 _aNB